000 00543nam a2200181Ia 4500
003 IN-BaIIA
008 211028s9999 xx 000 0 eng d
040 _cIIA Library
080 _a539.1
_bLOC
100 _aLock, W. O.
_96321
245 0 _aIntermediate energy nuclear physics
_cW. O. Lock and Measday D. F.
260 _aLondon
_bMethuen
_c1970
300 _axiii, 320p.
650 _aNASA Thesaurus
650 _aNuclear interactions
_91888
650 _aNuclear physics
_91527
942 _cBK
999 _c3572
_d3572